| 000 | 00605nam a2200205Ii 4500 | ||
|---|---|---|---|
| 003 | JO-AjNU | ||
| 008 | 230606s9999||||xx |||||||||||||| ||und|| | ||
| 020 | _a81-85015-61-9 | ||
| 040 |
_aJO-AjNU _beng _erda _cJO-AjNU |
||
| 041 | _aeng | ||
| 050 | 1 | 4 | _aQA76.6 .A365 2002 |
| 100 | 3 |
_a Aho, Alfred V. , _eauthor _9716 |
|
| 245 | 0 | 0 | _a Principles of compiler design |
| 264 | 3 | 1 | _aNarosa Publishing House:NewDelhi,2007 |
| 300 | _a612p | ||
| 336 |
_atext _btxt _2rdacontent |
||
| 337 |
_aunmediated _bn _2rdamedia |
||
| 338 |
_avolume _bnc _2rdacarrier |
||
| 650 | 4 |
_a Compilers (Computer programs) _9717 |
|
| 999 |
_aE377 _c377 _d377 |
||